El mundo de Sofía (Record no. 11154)

MARC details
000 -LEADER
campo de control de longitud fija 00934nam a2200289 i 4500
001 - NÚMERO DE CONTROL
campo de control 11154
003 - IDENTIFICADOR DE NÚMERO DE CONTROL
campo de control ES-MaACL
005 - FECHA Y HORA DE LA ÚLTIMA TRANSACCIÓN
campo de control 20250825062626.0
007 - CAMPO FIJO DE DESCRIPCIÓN FÍSICA--INFORMACIÓN GENERAL
campo de control de longitud fija t|
008 - DATOS DE LONGITUD FIJA--INFORMACIÓN GENERAL
campo de control de longitud fija 950404s1995 sp |||| | spa
020 ## - NÚMERO INTERNACIONAL ESTÁNDAR DEL LIBRO
Número Internacional Estándar del Libro 84-7844-251-0
080 ## - NÚMERO DE LA CLASIFICACIÓN DECIMAL UNIVERSAL
Número de la Clasificación Decimal Universal 839.6-31"19"
100 1# - ENTRADA PRINCIPAL--NOMBRE DE PERSONA
Nombre de persona Gaarder, Jostein (
Fechas asociadas al nombre 1952-)
9 (RLIN) 53113
245 13 - MENCIÓN DEL TÍTULO
Título El mundo de Sofía
Resto del título : novela sobre la historia de la filosofía /
Mención de responsabilidad, etc. Jostein Gaarder ; traducción, Kirsti Baggethun y Asunción Lorenzo.
250 ## - MENCION DE EDICION
Mención de edición 18ª ed. rev.
260 ## - PUBLICACIÓN, DISTRIBUCIÓN, ETC.
Lugar de publicación, distribución, etc. Madrid :
Nombre del editor, distribuidor, etc. Siruela,
Fecha de publicación, distribución, etc. 1995.
300 ## - DESCRIPCIÓN FÍSICA
Extensión 638 p. ;
Dimensiones 21 cm.
490 1# - MENCIÓN DE SERIE
Mención de serie Las tres edades ;
Designación de volumen o secuencia 35
500 ## - NOTA GENERAL
Nota general Índice.
650 #4 - PUNTO DE ACCESO ADICIONAL DE MATERIA--TÉRMINO DE MATERIA
Término de materia o nombre geográfico como elemento de entrada Filosofía-
Subdivisión de forma Historia-
-- Libros infantiles.
9 (RLIN) 145884
655 #7 - TERMINO DE INDIZACIÓN--GENERO/FORMA
Datos o término principal de género/forma Libros infantiles
Fuente del término tgfbne
9 (RLIN) 226786
700 1# - ENTRADA AGREGADA--NOMBRE PERSONAL
Nombre de persona Baggethun, Kirsti.
9 (RLIN) 24636
700 1# - ENTRADA AGREGADA--NOMBRE PERSONAL
Nombre de persona Lorenzo, Asunción.
9 (RLIN) 74144
830 1# - PUNTO DE ACCESO ADICIONAL DE SERIE-TÍTULO UNIFORME
Título uniforme Las tres edades ;
Designación de volumen o secuencia 35
9 (RLIN) 178625
852 4# - LOCALIZACIÓN
Ubicación ES-MaACL
Número de control de estantería L-18502
Holdings
Estatus retirado Estado de pérdida Estado de daño No para préstamo Biblioteca de origen Biblioteca actual Ubicación en estantería Fecha de adquisición Fuente de adquisición Total de préstamos Signatura topográfica completa Código de barras Visto por última vez Precio de reemplazo Tipo de ítem Koha
        Biblioteca del Ateneo de Madrid Biblioteca del Ateneo de Madrid Depósito 2 17/01/2008     L-18502 1011374 23/02/2023 23/02/2023 Libro impreso